Pests and pathogens : (Record no. 37273)
[ view plain ]
| 000 -LEADER | |
|---|---|
| fixed length control field | 01142nam a2200313 a 4500 |
| 001 - CONTROL NUMBER | |
| control field | 37273 |
| 003 - CONTROL NUMBER IDENTIFIER | |
| rucl marc code | BD-RjUL |
| 005 - DATE AND TIME OF LATEST TRANSACTION | |
| control field | 20211209052608.0 |
| 008 - FIXED-LENGTH DATA ELEMENTS--GENERAL INFORMATION | |
| fixed length control field | 141119s1992 enka b 001 0 eng d |
| 020 ## - INTERNATIONAL STANDARD BOOK NUMBER | |
| International Standard Book Number | 1872748015 |
| 035 ## - SYSTEM CONTROL NUMBER | |
| System control number | (BD-RjUL) |
| System control number | (OCoLC)27088273 |
| 040 ## - CATALOGING SOURCE | |
| Original cataloging agency | EUE |
| Transcribing agency | EUE |
| Modifying agency | NNBG |
| -- | ICD |
| -- | DNAL |
| -- | DLC |
| Language of cataloging | eng |
| 041 ## - LANGUAGE CODE | |
| Language code of text/sound track or separate title | eng |
| 070 0# - NATIONAL AGRICULTURAL LIBRARY CALL NUMBER | |
| Classification number | SB750.P47 |
| Item number | 1992 |
| 072 #0 - SUBJECT CATEGORY CODE | |
| Subject category code | F830 F821 |
| 082 ## - DEWEY DECIMAL CLASSIFICATION NUMBER | |
| Classification number | 632.32 |
| Author mark and year | PES 1992 |
| 245 00 - TITLE STATEMENT | |
| Title | Pests and pathogens : |
| Remainder of title | plant responses to foliar attack / |
| Statement of responsibility, etc. | [edited by] P.G. Ayres. |
| 260 ## - PUBLICATION, DISTRIBUTION, ETC. (IMPRINT) | |
| Place of publication, distribution, etc. | Oxford, UK : |
| Name of publisher, distributor, etc. | Bios Scientific Publishers, |
| Date of publication, distribution, etc. | 1992 |
| 300 ## - PHYSICAL DESCRIPTION | |
| Pagination | xii, 203 p. : |
| Illustrations | ill. ; |
| Size | 25 cm. |
| 500 ## - GENERAL NOTE | |
| General note | "This book arises from a meeting ..., held 9-10 April 1992 at the University of Lancaster, under the auspices of the Society for Experimental Biology (SEB)"--P. v. |
| 504 ## - BIBLIOGRAPHY, ETC. NOTE | |
| Bibliography, etc | Includes bibliographical references and index. |
| 650 #0 - SUBJECT ADDED ENTRY--TOPICAL TERM | |
| Topical term or geographic name as entry element | Plants |
| General subdivision | Disease and pest resistance |
| -- | Congresses. |
| 9 (RLIN) | 114189 |
| 700 1# - ADDED ENTRY--PERSONAL NAME | |
| Personal name | Ayres, P. G. |
| Fuller form of name | (Peter G.) |
| 942 ## - ADDED ENTRY ELEMENTS (KOHA) | |
| Source of classification or shelving scheme | Dewey Decimal Classification |
| Koha item type | Books |
| Lost status | Source of classification or shelving scheme | Damaged status | Not for loan | Permanent Location | Current Location | Shelving location | Date acquired | Cost, normal purchase price | Total Checkouts | Full call number | Date last seen | Copy number | Koha item type |
|---|---|---|---|---|---|---|---|---|---|---|---|---|---|
| Dewey Decimal Classification | Not For Loan | Institute of Biological Sciences (IBSc) Library | Institute of Biological Sciences (IBSc) Library | 19/11/2014 | 4074.00 | 632.32 PES 992 | 19/11/2014 | C-1 | Books |